| 000 | 00817nam a2200253 a 4500 | ||
|---|---|---|---|
| 999 |
_c12189 _d12189 |
||
| 001 | 12189 | ||
| 003 | BD-JhCC | ||
| 005 | 20210323105939.0 | ||
| 008 | 210323b20082018bg a|||| ||a| 000 0 ben d | ||
| 020 | _a9846371274 | ||
| 035 | _a(BD-JhCC)12189 | ||
| 040 |
_aBD-JhCC _dBD-JhCC |
||
| 041 | _aben | ||
| 082 |
_a032.083 _bPRI 2018 |
||
| 245 |
_aপৃথিবী / _cসম্পা: আলী ইমাম |
||
| 260 |
_aঢাকা : _bবিজ্ঞান একাডেমী; _c২০১৮. |
||
| 300 |
_a52 P. : _bill ; _c24 cm. |
||
| 490 | _aছোটদের বিজ্ঞানপিডিয়া --২: | ||
| 650 | _aChildren's encyclopedias and dictionaries | ||
| 650 | _aEncyclopedias and dictionaries | ||
| 700 | _a ইমাম, আলী | ||
| 942 |
_2ddc _cBK |
||